| 000 | 00567cam a2200205 4500 | ||
|---|---|---|---|
| 001 | 23702 | ||
| 005 | 20230410130840.0 | ||
| 008 | 060907s2005 sp spa | ||
| 020 | _a8498150329 | ||
| 035 | _9funglode23870 | ||
| 041 | _aspa | ||
| 050 | 1 | 4 |
_aPQ 6412 _bM285j 2005 |
| 100 | 1 |
_aManrique, Jorge, _d1440?-1479. |
|
| 245 | 1 | 0 |
_aJorge Manrique y la poesía medieval / _cJorge Manrique |
| 260 |
_aMadrid : _bDiario El País, _c2005 |
||
| 300 | _a125 p. | ||
| 440 | 3 |
_aEl País clásicos españoles ; _v4 |
|
| 650 | 4 | _aPoesía española. | |
| 942 |
_2lcc _cbk |
||
| 999 |
_c81507 _d81507 |
||